[Event "GRENKE Chess Open 2018"]
[Site "Karlsruhe GER"]
[Date "2018.03.30"]
[Round "3.28"]
[White "Valsecchi, Alessio"]
[Black "Eden, James"]
[Result "1-0"]
[WhiteTitle "IM"]
[BlackTitle "IM"]
[WhiteElo "2510"]
[BlackElo "2324"]
[WhiteFideId "818860"]
[BlackFideId "666491"]
[EventDate "2018.03.29"]

1. d4 Nf6 2. c4 g6 3. Nc3 Bg7 4. e4 d6 5. Be2 O-O 6. Be3 c5 7. d5 b5 8. cxb5 a6
9. bxa6 Qa5 10. Bd2 Bxa6 11. Qc2 Nbd7 12. Nf3 Bxe2 13. Kxe2 Ng4 14. Kf1 f5 15.
Kg1 Qb6 16. h3 fxe4 17. Nxe4 Nge5 18. Nfg5 Qb7 19. Ne6 Qxd5 20. Nxf8 Rxf8 21.
Bc3 Qc6 22. Rc1 Rf4 23. Ng3 d5 24. Ne2 Rf7 25. f4 d4 26. Bxd4 cxd4 27. Qxc6 Nxc6
28. Rxc6 d3 29. Rc8+ Nf8 30. Nc3 Rxf4 31. Rd8 Bd4+ 32. Kh2 Be5 33. Rd5 Bb8 34.
Rd1 Rf1+ 35. g3 Rf2+ 36. Kg1 Rxb2 37. R1xd3 Ne6 38. Kf1 Bd6 39. Ne4 Rxa2 40.
Nxd6 exd6 41. Rxd6 Ng5 42. Rd8+ Kg7 43. R8d7+ Kg8 44. h4 Nf7 45. Re3 Ra6 46.
Re8+ Kg7 47. Ree7 Rf6+ 48. Kg2 h5 49. Re2 Rf5 50. Rf2 Rxf2+ 51. Kxf2 Kf6 52. Ke3
Ke6 53. Ra7 Kf6 54. Kf4 Nh6 55. Ra6+ Kg7 56. Rb6 Nf7 57. Ke4 Nh6 58. Ke5 Nf5 59.
Rb3 Kh6 60. Kf6 Nd6 61. Re3 Nf5 62. Rf3 Nd6 63. Ke5 Nc4+ 64. Kd5 Nb6+ 65. Kc5
Nd7+ 66. Kd6 Nb6 67. Rf4 Nc8+ 68. Kd7 1-0

[Event "GRENKE Chess Open 2018"]
[Site "Karlsruhe GER"]
[Date "2018.03.30"]
[Round "3.29"]
[White "Ider, Borya"]
[Black "Videnova, Iva"]
[Result "1/2-1/2"]
[WhiteTitle "IM"]
[BlackTitle "IM"]
[WhiteElo "2505"]
[BlackElo "2323"]
[WhiteFideId "4901134"]
[BlackFideId "2907763"]
[EventDate "2018.03.29"]

1. d4 Nf6 2. Bf4 g6 3. Nc3 d5 4. Nf3 Bg7 5. e3 O-O 6. Be2 c5 7. Ne5 Nfd7 8. Nxd7
Bxd7 9. dxc5 e5 10. Bg3 Bc6 11. O-O h5 12. h3 h4 13. Bh2 Na6 14. a4 Nxc5 15. b4
d4 16. exd4 exd4 17. bxc5 dxc3 18. Bf3 Qxd1 19. Rfxd1 Bxf3 20. gxf3 Rfd8 21. Bd6
Rac8 22. Rab1 Rd7 23. Kf1 Rc6 24. Ke2 b6 25. cxb6 axb6 26. Bf4 Rxd1 27. Rxd1 Rc4
28. Be3 Rxa4 29. Bxb6 Ra6 30. Be3 Bf6 31. Rb1 Kg7 32. Kd3 Ra5 33. Ke4 Re5+ 34.
Kd3 Rf5 35. Ke4 Re5+ 36. Kd3 Rf5 37. Ke4 1/2-1/2

[Event "GRENKE Chess Open 2018"]
[Site "Karlsruhe GER"]
[Date "2018.03.30"]
[Round "3.30"]
[White "Hainke, Guntram"]
[Black "Lobron, Eric"]
[Result "0-1"]
[WhiteTitle "FM"]
[BlackTitle "GM"]
[WhiteElo "2338"]
[BlackElo "2503"]
[WhiteFideId "24619094"]
[BlackFideId "4600037"]
[EventDate "2018.03.29"]

1. d4 Nf6 2. c4 e6 3. Nc3 Bb4 4. e3 O-O 5. Ne2 d5 6. a3 Bd6 7. Ng3 c5 8. dxc5
Bxc5 9. b4 Bb6 10. Bb2 Nc6 11. Be2 d4 12. exd4 Bxd4 13. O-O e5 14. Qc2 Be6 15.
Rad1 Qe7 16. Nf5 Bxf5 17. Qxf5 a5 18. b5 Nd8 19. Bf3 Ne6 20. Rfe1 Rad8 21. Qc2
Qc7 22. Rc1 Qxc4 23. a4 Nc5 24. Ba3 Nd3 25. Be2 Nxe1 26. Bxc4 Nxc2 27. Bxf8 Kxf8
28. Rxc2 Bxc3 29. Rxc3 Ne4 30. Rd3 Rd4 31. Rxd4 exd4 32. b6 Nc3 33. Ba6 Nxa4 34.
Bxb7 Nxb6 35. Kf1 a4 36. Be4 a3 0-1

[Event "GRENKE Chess Open 2018"]
[Site "Karlsruhe GER"]
[Date "2018.03.30"]
[Round "3.31"]
[White "Riff, Jean-Noel"]
[Black "Grigorian, Spartak"]
[Result "1/2-1/2"]
[WhiteTitle "GM"]
[WhiteElo "2503"]
[BlackElo "2321"]
[WhiteFideId "611190"]
[BlackFideId "24661490"]
[EventDate "2018.03.29"]

1. e4 e5 2. Nf3 Nf6 3. Nc3 Nc6 4. Bb5 Bd6 5. O-O O-O 6. d3 h6 7. a3 Re8 8. Ne2
Bf8 9. Ng3 d5 10. exd5 Qxd5 11. Bc4 Qd6 12. Re1 Be6 13. Bxe6 Rxe6 14. b4 Rae8
15. Nd2 Qd7 16. Bb2 a6 17. Nc4 b5 18. Nd2 a5 19. bxa5 Nxa5 20. Bc3 Nb7 21. Nb3
Nc5 22. Nxc5 Bxc5 23. Bb2 1/2-1/2

[Event "GRENKE Chess Open 2018"]
[Site "Karlsruhe GER"]
[Date "2018.03.30"]
[Round "3.32"]
[White "Freeke, Matthieu"]
[Black "Korpa, Bence"]
[Result "0-1"]
[WhiteTitle "FM"]
[BlackTitle "GM"]
[WhiteElo "2335"]
[BlackElo "2502"]
[WhiteFideId "1013459"]
[BlackFideId "706671"]
[EventDate "2018.03.29"]

1. Nf3 c5 2. c4 Nf6 3. d4 cxd4 4. Nxd4 Nc6 5. Nc3 e6 6. Ndb5 d5 7. Bf4 e5 8.
cxd5 exf4 9. dxc6 bxc6 10. Qxd8+ Kxd8 11. Rd1+ Bd7 12. Nd6 Ke7 13. Nc4 Nd5 14.
Ne5 Rb8 15. Nxd7 Kxd7 16. Nxd5 cxd5 17. Rb1 Bb4+ 18. Kd1 Bc5 19. e3 fxe3 20.
fxe3 Rhe8 21. Be2 Rxe3 22. Re1 Kd6 23. b3 Rbe8 24. b4 Bd4 25. Ra1 Ke5 0-1

[Event "GRENKE Chess Open 2018"]
[Site "Karlsruhe GER"]
[Date "2018.03.30"]
[Round "3.33"]
[White "Noe, Christopher"]
[Black "Paltrinieri, Nicholas"]
[Result "1-0"]
[WhiteTitle "IM"]
[BlackTitle "FM"]
[WhiteElo "2494"]
[BlackElo "2317"]
[WhiteFideId "24692018"]
[BlackFideId "828262"]
[EventDate "2018.03.29"]

1. d4 e6 2. c4 f5 3. Nc3 Nf6 4. Nf3 Bb4 5. Qb3 Qe7 6. a3 Bxc3+ 7. Qxc3 O-O 8. g3
b6 9. Bg2 Bb7 10. O-O d6 11. b3 Nbd7 12. Bb2 Rae8 13. Rad1 Ne4 14. Qc2 Ndf6 15.
Ne1 Ba8 16. Nd3 Ng4 17. Bc1 Ng5 18. f3 Nh6 19. Nf4 Kh8 20. Bb2 e5 21. dxe5 dxe5
22. Nd5 Qc5+ 23. e3 f4 24. b4 Qc6 25. exf4 exf4 26. Bc1 Ne6 27. Nxf4 Nf5 28. Qc3
Nxf4 29. Bxf4 Nh4 30. Be5 Rxe5 31. Qxe5 Nxg2 32. Qe7 Rg8 33. Kxg2 Qxc4 34. Rd7
Qa2+ 35. Rf2 Qxa3 36. Rd8 Qb3 37. Rxg8+ Qxg8 38. Qxc7 a5 39. bxa5 bxa5 40. Rd2
Bd5 41. Qxa5 1-0

[Event "GRENKE Chess Open 2018"]
[Site "Karlsruhe GER"]
[Date "2018.03.30"]
[Round "3.34"]
[White "Poetsch, Hagen"]
[Black "Klein, Felix"]
[Result "1/2-1/2"]
[WhiteTitle "IM"]
[BlackTitle "FM"]
[WhiteElo "2484"]
[BlackElo "2312"]
[WhiteFideId "24615137"]
[BlackFideId "24600458"]
[EventDate "2018.03.29"]

1. e4 e5 2. Nf3 Nc6 3. Bc4 Bc5 4. b4 Bxb4 5. c3 Ba5 6. d4 d6 7. Qb3 Qd7 8. O-O
Bb6 9. Nbd2 Na5 10. Qc2 Ne7 11. dxe5 O-O 12. exd6 cxd6 13. Bd3 Ng6 14. Nb3 Qc7
15. Nfd4 Bd7 16. Nb5 Bxb5 17. Bxb5 Rac8 18. Bd2 Nc4 19. Bxc4 Qxc4 20. a4 Rfe8
21. Rfe1 d5 22. a5 Bc7 23. exd5 Qxd5 24. c4 Qd6 25. g3 Nh4 26. Qc3 Qg6 27. f4
Qg4 28. Nd4 Red8 29. Rf1 Bd6 30. Nb3 Be7 31. Rae1 Bf6 32. Qe3 h5 33. c5 Qg6 34.
Qe4 Nf5 35. Kh1 h4 36. gxh4 Bxh4 37. Re2 Qh5 38. Rg2 Re8 39. Qxb7 Bf6 40. Qa6
Qh6 41. Qd3 Nh4 42. f5 Qh5 43. Qh3 Re2 44. Qg4 Qxg4 45. Rxg4 Rb8 46. Be1 Nxf5
47. Nc1 Re6 48. Bd2 Rb2 49. Bg5 Bxg5 50. Rxg5 Ne3 51. Re1 Rc2 52. Nd3 Kf8 53.
Re5 Rxe5 54. Nxe5 Nd5 55. Rd1 Ne3 56. Re1 Nd5 57. Rd1 Ne3 1/2-1/2

[Event "GRENKE Chess Open 2018"]
[Site "Karlsruhe GER"]
[Date "2018.03.30"]
[Round "3.35"]
[White "Kevlishvili, Robby"]
[Black "Beeke, Bob"]
[Result "1-0"]
[WhiteTitle "IM"]
[BlackTitle "FM"]
[WhiteElo "2472"]
[BlackElo "2307"]
[WhiteFideId "1040634"]
[BlackFideId "1011634"]
[EventDate "2018.03.29"]

1. e4 e5 2. Nf3 Nc6 3. Bb5 a6 4. Ba4 Nf6 5. d3 b5 6. Bb3 Be7 7. a4 b4 8. Nbd2 d6
9. a5 O-O 10. Nc4 Be6 11. Be3 h6 12. h3 Rb8 13. O-O Nh7 14. Nfd2 Bg5 15. Ba4 Ne7
16. Bxg5 Nxg5 17. Ne3 Ng6 18. Bb3 Nf4 19. Kh2 Qd7 20. h4 Nh7 21. g3 Bxb3 22.
Nxb3 Ne6 23. f4 exf4 24. gxf4 Qd8 25. Kh3 Qf6 26. f5 Nc5 27. Nd5 Qd8 28. Nxc5
dxc5 29. f6 Nxf6 30. Rxf6 gxf6 31. Qh5 Qd7+ 32. Kg2 Kg7 33. Rf1 Rg8 34. Nxf6 Qe6
35. Nxg8 Rxg8 36. Kh2 Qd6+ 37. e5 Qe6 38. Rf6 1-0

[Event "GRENKE Chess Open 2018"]
[Site "Karlsruhe GER"]
[Date "2018.03.30"]
[Round "3.36"]
[White "Podat, Vladimir"]
[Black "Fedorovsky, Michael"]
[Result "1/2-1/2"]
[BlackTitle "IM"]
[WhiteElo "2324"]
[BlackElo "2471"]
[WhiteFideId "14100940"]
[BlackFideId "14105454"]
[EventDate "2018.03.29"]

1. d4 Nf6 2. Nf3 d5 3. Bf4 c5 4. e3 Nc6 5. Be2 e6 6. O-O Bd6 7. dxc5 Bxf4 8.
exf4 Qa5 9. Nc3 Qxc5 10. Nb5 O-O 11. a4 Bd7 12. c3 Rac8 13. Bd3 a6 14. Nbd4 Ne4
15. Qe2 f5 16. Nxc6 Bxc6 17. Nd4 Qd6 18. f3 Nc5 19. Bc2 Qd7 20. Rfe1 Rf6 21. a5
Bb5 1/2-1/2

[Event "GRENKE Chess Open 2018"]
[Site "Karlsruhe GER"]
[Date "2018.03.30"]
[Round "3.37"]
[White "De Boer, Eelke"]
[Black "Pavlovic, Milos"]
[Result "0-1"]
[WhiteTitle "FM"]
[BlackTitle "GM"]
[WhiteElo "2323"]
[BlackElo "2466"]
[WhiteFideId "1048120"]
[BlackFideId "900389"]
[EventDate "2018.03.29"]

1. e4 e5 2. Nf3 Nc6 3. Bb5 Nf6 4. d3 d6 5. c3 g6 6. O-O Bg7 7. Re1 O-O 8. h3 Nb8
9. d4 Nbd7 10. Nbd2 Re8 11. Bd3 b6 12. Nf1 Bb7 13. Ng3 c6 14. Bd2 Qc7 15. Qc1
Nf8 16. Bh6 Ne6 17. Bc2 Bh8 18. Qd2 Rad8 19. Rad1 Nd7 20. Bb3 d5 21. Qc1 Qb8 22.
h4 exd4 23. cxd4 Nf6 24. e5 Ng4 25. Bg5 f6 26. exf6 Bxf6 27. Bxf6 Nxf6 28. Ne5
Qd6 29. Qc3 Ng7 30. Qd3 Re7 31. Ne4 Nxe4 32. Qxe4 Rde8 33. Qd3 Qf6 34. g3 c5 35.
Ba4 Rf8 36. Rf1 Qd6 37. Ng4 Nf5 38. dxc5 bxc5 39. Rde1 d4 40. Bb3+ Kg7 41. Rxe7+
Qxe7 42. Qd2 Qd6 43. Re1 Qc6 44. Re7+ Kh8 0-1

[Event "GRENKE Chess Open 2018"]
[Site "Karlsruhe GER"]
[Date "2018.03.30"]
[Round "3.38"]
[White "Buckels, Valentin"]
[Black "Basso, Pier Luigi"]
[Result "1/2-1/2"]
[WhiteTitle "FM"]
[BlackTitle "IM"]
[WhiteElo "2318"]
[BlackElo "2459"]
[WhiteFideId "12942766"]
[BlackFideId "866970"]
[EventDate "2018.03.29"]

1. d4 d5 2. c4 c6 3. e3 Nf6 4. Nf3 Bg4 5. Nc3 e6 6. Qb3 Qb6 7. Nh4 Bh5 8. h3
Qxb3 9. axb3 Na6 10. c5 Nc7 11. b4 a6 12. g4 Bg6 13. g5 Ne4 14. Nxe4 Bxe4 15. f3
Bf5 16. Nxf5 exf5 17. Bd3 g6 18. f4 h6 19. gxh6 Rxh6 20. Bd2 Kd7 21. Rh2 Be7 22.
Kf2 Rah8 23. Rah1 Ne8 24. Kg2 Bh4 25. Be1 Ke6 26. Bxh4 Rxh4 27. Kg3 Nf6 28. Bc2
Ne8 29. Bd3 Kf6 30. b5 axb5 31. Ra1 Nc7 32. Ra7 Ne6 33. Rxb7 g5 34. fxg5+ Nxg5
35. Rb6 Rxh3+ 36. Rxh3 Rxh3+ 37. Kg2 Rxe3 38. Bxb5 f4 39. Bxc6 Rg3+ 40. Kf1 Rf3+
41. Kg2 Rg3+ 42. Kf1 Rf3+ 1/2-1/2

[Event "GRENKE Chess Open 2018"]
[Site "Karlsruhe GER"]
[Date "2018.03.30"]
[Round "3.39"]
[White "Nasuta, Grzegorz"]
[Black "Kopylov, Daniel"]
[Result "1-0"]
[WhiteTitle "IM"]
[WhiteElo "2459"]
[BlackElo "2306"]
[WhiteFideId "1141686"]
[BlackFideId "12921971"]
[EventDate "2018.03.29"]

1. e4 c5 2. Nf3 d6 3. Bb5+ Bd7 4. Bxd7+ Qxd7 5. c4 Nf6 6. Nc3 e6 7. d4 cxd4 8.
Nxd4 Nc6 9. O-O Be7 10. Be3 O-O 11. Rc1 Rac8 12. b3 a6 13. a4 Nxd4 14. Bxd4 Qc6
15. f3 Rfd8 16. Kh1 h5 17. Be3 b6 18. Qd2 Nd7 19. Rfd1 Nc5 20. Rb1 Bf6 21. Bg5
Bxc3 22. Qxc3 Rd7 23. Rbc1 d5 24. cxd5 exd5 25. b4 dxe4 26. bxc5 Rxd1+ 27. Rxd1
Qxa4 28. Ra1 Rxc5 29. Rxa4 Rxc3 30. fxe4 f6 31. Bf4 a5 32. Kg1 Rb3 33. e5 g5 34.
Bd2 fxe5 35. Bxg5 Kf7 36. Kf2 Ke6 37. Be3 Kd5 38. Kf3 Rb4 39. Rxb4 axb4 40. Bc1
e4+ 41. Ke3 Kc4 42. Bb2 b5 43. h4 Kb3 44. Bd4 Kc2 45. g4 hxg4 46. Kxe4 g3 47.
Kf3 Kd3 48. Bg7 g2 49. Kxg2 Ke4 50. Kg3 Kf5 51. Ba1 b3 52. Kf3 Kg6 53. Kg4 b4
54. h5+ 1-0

[Event "GRENKE Chess Open 2018"]
[Site "Karlsruhe GER"]
[Date "2018.03.30"]
[Round "3.40"]
[White "Petkidis, Anthony"]
[Black "Milov, Leonid"]
[Result "1-0"]
[BlackTitle "GM"]
[WhiteElo "2314"]
[BlackElo "2455"]
[WhiteFideId "24673390"]
[BlackFideId "14101068"]
[EventDate "2018.03.29"]

1. e4 c5 2. Nf3 e6 3. d4 cxd4 4. Nxd4 Nc6 5. Nc3 Qc7 6. Be3 a6 7. Bd3 Nf6 8. O-O
Ne5 9. Nf3 d6 10. Na4 Nfd7 11. Nxe5 dxe5 12. c4 Nc5 13. Bc2 Nxa4 14. Bxa4+ Bd7
15. Bb6 Bxa4 16. Qxa4+ Qd7 17. Qc2 Qc6 18. c5 Rc8 19. Rac1 Be7 20. Qd3 O-O 21.
Rfd1 Bg5 22. Rc4 f5 23. Qd6 Qe8 24. b3 Bf6 25. Qd7 Rf7 26. Qxe8+ Rxe8 27. Rd6
Bg5 28. c6 bxc6 29. Rcxc6 fxe4 30. Bc5 a5 31. Rxe6 Rd8 32. Red6 Rxd6 33. Bxd6
Rd7 34. Kf1 Bd2 35. Bxe5 Bb4 36. Rc8+ Kf7 37. Rc7 Rxc7 38. Bxc7 Ke6 39. Ke2 Kd5
40. Bf4 Bc5 41. Bd2 Bb6 42. Be3 Bc7 43. h3 Bd6 44. Bd2 Bc7 45. a4 h5 46. b4 axb4
47. Bxb4 Kc4 48. Bd2 Bd8 49. a5 Kb5 50. Bc3 g6 51. Ke3 Kc4 52. Bd2 Kd5 53. a6
Bb6+ 54. Ke2 Kc6 55. Be3 Bd8 56. Kd2 Bf6 57. Kc2 g5 58. g4 hxg4 59. hxg4 1-0

[Event "GRENKE Chess Open 2018"]
[Site "Karlsruhe GER"]
[Date "2018.03.30"]
[Round "3.41"]
[White "Murphy, Conor E"]
[Black "Lubbe, Nikolas"]
[Result "1/2-1/2"]
[WhiteTitle "FM"]
[BlackTitle "IM"]
[WhiteElo "2312"]
[BlackElo "2453"]
[WhiteFideId "421669"]
[BlackFideId "4694031"]
[EventDate "2018.03.29"]

1. c4 Nf6 2. g3 e6 3. Nf3 d5 4. Bg2 Be7 5. O-O O-O 6. b3 b6 7. Bb2 Bb7 8. e3
Nbd7 9. Nc3 c5 10. Qe2 Rc8 11. d3 a6 12. Ne1 Rc7 13. f4 d4 14. exd4 cxd4 15. Ne4
Nc5 16. Nf2 Bxg2 17. Kxg2 Rd7 18. Rd1 a5 19. Nc2 Qa8+ 20. Qf3 Qxf3+ 21. Kxf3
Rfd8 22. Rfe1 Ne8 23. Ng4 f6 24. h3 Nc7 25. Kf2 N7a6 26. Ba3 Kf7 27. Nh2 Nb8 28.
Nf3 Nc6 29. Re2 h6 30. Bxc5 bxc5 31. Na3 Ra8 32. Nb5 a4 33. bxa4 Rxa4 34. a3 Na7
35. Ra2 Nxb5 36. cxb5 Rda7 37. Rb1 Rxa3 38. Rxa3 Rxa3 39. b6 Ra2+ 40. Ke1 Ra8
41. Nd2 Ke8 42. Nc4 Kd7 43. Kf2 Bd8 44. Kf3 Rb8 45. Ke4 Kc6 46. Na5+ Kd7 47. Nc4
Kc6 48. Na5+ Kd7 49. Nc4 1/2-1/2

[Event "GRENKE Chess Open 2018"]
[Site "Karlsruhe GER"]
[Date "2018.03.30"]
[Round "3.42"]
[White "Barath, M"]
[Black "Grinberg, Eyal"]
[Result "1/2-1/2"]
[WhiteTitle "FM"]
[BlackTitle "IM"]
[WhiteElo "2309"]
[BlackElo "2448"]
[WhiteFideId "25033450"]
[BlackFideId "2806070"]
[EventDate "2018.03.29"]

1. d4 Nf6 2. c4 e6 3. Nc3 Bb4 4. Qc2 O-O 5. e4 d6 6. a3 Bxc3+ 7. bxc3 e5 8. Bd3
b6 9. Ne2 h6 10. O-O Re8 11. f4 Nc6 12. f5 Na5 13. Rf3 Ba6 14. Rg3 Kf8 15. Rh3
Bxc4 16. Ng3 Bxd3 17. Qxd3 Nb3 18. Rxh6 Nxa1 19. Nh5 Nxh5 20. Rxh5 Ke7 21. Bg5+
f6 22. Bxf6+ Kxf6 23. Qg3 Kf7 24. Qg6+ Kg8 25. Qh7+ Kf8 26. f6 Qxf6 27. Rf5 Ke7
28. Rxf6 Kxf6 29. Qf5+ Ke7 30. dxe5 Nb3 31. exd6+ cxd6 32. Qg5+ Kf8 33. Qf5+ Ke7
34. Qg5+ 1/2-1/2

[Event "GRENKE Chess Open 2018"]
[Site "Karlsruhe GER"]
[Date "2018.03.30"]
[Round "3.43"]
[White "Gschnitzer, Adrian"]
[Black "Perske, Thore"]
[Result "1/2-1/2"]
[BlackTitle "IM"]
[WhiteElo "2307"]
[BlackElo "2447"]
[WhiteFideId "1270337"]
[BlackFideId "12902195"]
[EventDate "2018.03.29"]

1. e4 e5 2. Nf3 Nc6 3. Bc4 Bc5 4. O-O Nf6 5. d4 Bxd4 6. Nxd4 Nxd4 7. f4 d6 8.
fxe5 dxe5 9. Bg5 Be6 10. Na3 Qe7 11. c3 Bxc4 12. Bxf6 gxf6 13. Nxc4 Ne6 14. b4
Rg8 15. Ne3 Qd6 16. Qxd6 cxd6 17. Nd5 Rg6 18. Rxf6 Rc8 19. Kf2 Ng5 20. Ke3 Rc4
21. Kd3 Rc6 22. Raf1 Rxf6 23. Nxf6+ Kf8 24. h4 Ne6 25. g3 1/2-1/2

[Event "GRENKE Chess Open 2018"]
[Site "Karlsruhe GER"]
[Date "2018.03.30"]
[Round "3.44"]
[White "Zatonskih, Anna"]
[Black "Lubbe, Melanie"]
[Result "1/2-1/2"]
[WhiteTitle "IM"]
[BlackTitle "WGM"]
[WhiteElo "2446"]
[BlackElo "2304"]
[WhiteFideId "14101572"]
[BlackFideId "4690745"]
[EventDate "2018.03.29"]

1. d4 Nf6 2. Nf3 g6 3. g3 Bg7 4. Bg2 O-O 5. O-O d6 6. b3 e5 7. dxe5 Ng4 8. Bg5
Qd7 9. Nc3 Nc6 10. Nd5 h6 11. Bf6 dxe5 12. Bxg7 Kxg7 13. Nd2 Rd8 14. h3 Nf6 15.
Nxf6 Kxf6 16. Ne4+ Kg7 17. Qxd7 Rxd7 18. c3 Nd8 19. Nc5 Rd6 20. Rad1 Rb8 21.
Rxd6 cxd6 22. Rd1 Bxh3 23. Rxd6 Bxg2 24. Kxg2 Rc8 25. Nd3 Ne6 26. c4 Kf6 27. Rd7
Rc7 28. Rd5 e4 29. Nb4 Nc5 30. g4 a5 31. Nc2 a4 32. Nd4 Ne6 33. Nxe6 Kxe6 34.
Kg3 Rc6 35. Rb5 Rc7 36. Kf4 Rd7 37. Rb6+ Ke7 38. Kxe4 Rd2 39. Rxb7+ Kf6 40. Ke3
Rxa2 41. b4 Rb2 42. b5 a3 43. Ra7 a2 44. Kd4 Ke6 45. Kc5 h5 46. gxh5 gxh5 47. b6
h4 48. b7 Rxb7 49. Rxa2 Kf5 50. Kd6 h3 51. Ra1 Rb2 52. Rh1 1/2-1/2

[Event "GRENKE Chess Open 2018"]
[Site "Karlsruhe GER"]
[Date "2018.03.30"]
[Round "3.45"]
[White "Vogel, Roven"]
[Black "Kristensen, Kaare Hove"]
[Result "1/2-1/2"]
[WhiteTitle "IM"]
[BlackTitle "FM"]
[WhiteElo "2438"]
[BlackElo "2302"]
[WhiteFideId "12908088"]
[BlackFideId "1400940"]
[EventDate "2018.03.29"]

1. Nf3 c5 2. c4 Nf6 3. Nc3 Nc6 4. d4 cxd4 5. Nxd4 e6 6. a3 d5 7. cxd5 exd5 8.
Bf4 a6 9. e3 Bc5 10. Nxc6 bxc6 11. Rc1 Bg4 12. Be2 Be6 13. Nxd5 Nxd5 14. Rxc5
Nxf4 15. Qxd8+ Kxd8 16. exf4 Bd5 17. Bc4 Bxc4 18. Rxc4 Kc7 19. Ke2 Rhe8+ 20. Kf3
Rad8 21. Rc3 Rd2 22. Rhc1 Ree2 23. Rxc6+ Kd7 24. Rc7+ Kd6 25. Kg4 Rxf2 26. g3
Rxh2 27. R1c6+ Kd5 28. Rxa6 h5+ 29. Kf5 g6+ 30. Kf6 Rdg2 31. Ra5+ Kd4 32. Rg5
Rh3 33. Rxf7 Rhxg3 34. Kxg6 h4 35. Rh7 Rxb2 36. f5 Ke5 37. Rxg3 hxg3 38. f6 g2
39. Re7+ Kd6 40. Re1 Rb3 41. Rg1 Rg3+ 42. Kf7 Kc5 43. Ke6 Kb5 44. Ke5 Ka4 45.
Kf4 Rg6 46. Kf5 Rg3 47. Kf4 Rg6 48. Kf5 Rg3 49. Ke4 Rg6 50. Kf5 1/2-1/2

[Event "GRENKE Chess Open 2018"]
[Site "Karlsruhe GER"]
[Date "2018.03.31"]
[Round "4.1"]
[White "Lobron, Eric"]
[Black "Rapport, Richard"]
[Result "0-1"]
[WhiteTitle "GM"]
[BlackTitle "GM"]
[WhiteElo "2503"]
[BlackElo "2715"]
[WhiteFideId "4600037"]
[BlackFideId "738590"]
[EventDate "2018.03.29"]

1. d4 e6 2. c4 Bb4+ 3. Bd2 a5 4. Nf3 Nf6 5. g3 b6 6. Bg2 Bb7 7. O-O O-O 8. Bg5
Be7 9. Bxf6 Bxf6 10. Nc3 d6 11. Qc2 g6 12. Rad1 Bg7 13. h4 Nc6 14. a3 Rb8 15.
Nb5 Ne7 16. Rfe1 Ba6 17. a4 Nc6 18. d5 Nb4 19. Qc1 e5 20. Na7 Qd7 21. b3 Bb7 22.
e4 Ra8 23. Nb5 Bc8 24. h5 Qd8 25. hxg6 hxg6 26. Qg5 Bf6 27. Qd2 Kg7 28. Nh2 Rh8
29. f4 Na6 30. Rf1 Qg8 31. Rf2 Qh7 32. Bf3 exf4 33. gxf4 Bh4 34. Rg2 Bh3 35. Re2
Bg3 36. Nf1 Qh4 37. Bg2 0-1

[Event "GRENKE Chess Open 2018"]
[Site "Karlsruhe GER"]
[Date "2018.03.31"]
[Round "4.2"]
[White "Korpa, Bence"]
[Black "Andreikin, Dmitry"]
[Result "1/2-1/2"]
[WhiteTitle "GM"]
[BlackTitle "GM"]
[WhiteElo "2502"]
[BlackElo "2712"]
[WhiteFideId "706671"]
[BlackFideId "4158814"]
[EventDate "2018.03.29"]

1. Nf3 g6 2. g3 Bg7 3. d4 c5 4. c3 b6 5. dxc5 bxc5 6. Qd5 Nc6 7. Qxc5 Nf6 8. Bg2
Ba6 9. Nd4 Nxd4 10. Qxd4 O-O 11. Qd1 Rb8 12. O-O Bb7 13. Bxb7 Rxb7 14. Nd2 Qa5
15. e4 d6 16. Qf3 Nd7 17. Re1 Rfb8 18. Nc4 Qa6 19. Qe2 Nc5 20. e5 d5 21. Ne3 Qc6
22. Nc2 e6 23. Nb4 Qc8 24. Na6 Nxa6 25. Qxa6 Qc7 26. Qe2 a5 27. a4 Rb3 28. Ra2
Qc6 1/2-1/2

[Event "GRENKE Chess Open 2018"]
[Site "Karlsruhe GER"]
[Date "2018.03.31"]
[Round "4.3"]
[White "Noe, Christopher"]
[Black "Van Wely, Loek"]
[Result "1/2-1/2"]
[WhiteTitle "IM"]
[BlackTitle "GM"]
[WhiteElo "2494"]
[BlackElo "2667"]
[WhiteFideId "24692018"]
[BlackFideId "1000268"]
[EventDate "2018.03.29"]

1. d4 Nf6 2. c4 g6 3. f3 c5 4. d5 Bg7 5. Nc3 d6 6. e4 O-O 7. Nge2 e6 8. Ng3 exd5
9. cxd5 h5 10. Be2 Nbd7 11. O-O Nh7 12. Be3 Re8 13. Nh1 f5 14. Nf2 g5 15. f4 g4
16. e5 dxe5 17. d6 Nhf8 18. Bc4+ Kh8 19. Bf7 exf4 20. Bxf4 Ne6 21. Bxe8 Nxf4 22.
Re1 Ne5 23. d7 Bxd7 24. Bxd7 Qxd7 25. Qxd7 Nxd7 26. Re7 Ne5 27. Rxb7 h4 28. Rd1
g3 29. hxg3 hxg3 30. Nh3 Nfd3 31. Ne2 c4 32. Nxg3 Rf8 33. Rf1 f4 34. Nh5 Bh6 35.
N3xf4 Nxf4 36. Nxf4 Bxf4 37. g3 Be3+ 38. Kg2 Rxf1 39. Kxf1 Bb6 40. Ke2 Kg8 1/2-1/2

[Event "GRENKE Chess Open 2018"]
[Site "Karlsruhe GER"]
[Date "2018.03.31"]
[Round "4.4"]
[White "Fridman, Daniel"]
[Black "Kevlishvili, Robby"]
[Result "1/2-1/2"]
[WhiteTitle "GM"]
[BlackTitle "IM"]
[WhiteElo "2637"]
[BlackElo "2472"]
[WhiteFideId "11600454"]
[BlackFideId "1040634"]
[EventDate "2018.03.29"]

1. b3 e5 2. Bb2 Nc6 3. e3 Nf6 4. g3 d5 5. Bg2 Bg4 6. Ne2 Qd7 7. h3 Bf5 8. d3 h5
9. Nd2 O-O-O 10. a3 Kb8 11. b4 a6 12. Nf3 Bd6 13. Nh4 Bh7 14. Nf3 Qe7 15. d4
exd4 16. Nexd4 Nxd4 17. Nxd4 Be5 18. O-O Ne4 19. Rb1 f5 20. a4 h4 21. gxh4 Rd6
22. b5 Rg6 23. Nf3 Bxb2 24. Rxb2 Nc3 25. Qd2 Nxa4 26. Rb4 axb5 27. Rxb5 Nb6 28.
Ra1 Rf8 29. Qa5 f4 30. Qa7+ Kc8 31. Ra3 Rff6 32. exf4 Rxf4 33. Re3 Re4 34. Rbb3
Rge6 35. Rxe4 Bxe4 36. Ng5 Bxc2 37. Bxd5 Bxb3 38. Qxb7+ Kd7 39. Bxb3 Re1+ 40.
Kg2 Qf6 41. Bd5 Nxd5 42. Qxd5+ Qd6 43. Qf5+ Kc6 44. Qc2+ Kb7 45. Qb2+ Kc8 46.
Qxg7 Qd5+ 47. Nf3 Re4 48. Qh8+ Kb7 49. Qb2+ Ka7 50. Qa3+ Kb8 51. Qb2+ Kc8 52.
Qh8+ Kb7 1/2-1/2

[Event "GRENKE Chess Open 2018"]
[Site "Karlsruhe GER"]
[Date "2018.03.31"]
[Round "4.5"]
[White "Pavlovic, Milos"]
[Black "Gordievsky, Dmitry"]
[Result "1/2-1/2"]
[WhiteTitle "GM"]
[BlackTitle "GM"]
[WhiteElo "2466"]
[BlackElo "2630"]
[WhiteFideId "900389"]
[BlackFideId "24112798"]
[EventDate "2018.03.29"]

1. Nf3 Nf6 2. c4 g6 3. Nc3 Bg7 4. d4 O-O 5. e4 d6 6. Be2 Na6 7. O-O e5 8. Be3 c6
9. Re1 Re8 10. d5 Ng4 11. Bg5 Qb6 12. Rf1 Qxb2 13. Na4 Qb4 14. Bd2 Qa3 15. Bc1
Qb4 16. Bd2 Qa3 17. Bc1 Qb4 18. Bd2 1/2-1/2